000 00658nam a22002417a 4500
001 136902
003 UA-OsUOA
005 20201130193921.0
007 ta
008 20190411b un ||||| |||| 00| 0 ukr d
040 _aUA-OsUOA
_bukr
_cUA-OsUOA
_dUA-OsUOA
041 _aukr
080 _a883
090 _a883
_bЛ27
100 _aЛатишев М.
245 _aЧорний жбир
260 _aК.
_bХудожня література
_c1963
300 _a61 с.
650 7 _a883 Українська література
_2UDC
942 _cBK
_2udc
955 _a3
999 _c410040
_d410040